TENWEK HOSP HOME | SOC  | ASK A LIBRARIANSTAFF LOGIN  |  DIGITAL REPOSITORYe-BOOK PORTAL  |  OFF-CAMPUS PORTAL  |  DONATE

Escape from Ephesus : (Record no. 3787)

MARC details
000 -LEADER
fixed length control field 01268cam a2200337 a 4500
001 - CONTROL NUMBER
control field 1068739
003 - CONTROL NUMBER IDENTIFIER
control field Ke-BoTe
005 - DATE AND TIME OF LATEST TRANSACTION
control field 20220609130423.0
008 - FIXED-LENGTH DATA ELEMENTS--GENERAL INFORMATION
fixed length control field 910315r19911980tnu 000 1 eng
010 ## - LIBRARY OF CONGRESS CONTROL NUMBER
LC control number 91003155
020 ## - INTERNATIONAL STANDARD BOOK NUMBER
International Standard Book Number 0840757425
040 ## - CATALOGING SOURCE
Original cataloging agency DLC
Transcribing agency DLC
Modifying agency DLC
-- OCoLC
-- DLC
050 00 - LIBRARY OF CONGRESS CALL NUMBER
Classification number PS3573.E1956
Item number O5 1991
082 00 - DEWEY DECIMAL CLASSIFICATION NUMBER
Classification number 813/.54
Edition number 20
100 1# - MAIN ENTRY--PERSONAL NAME
Personal name Webb, Lance.
9 (RLIN) 8023
240 10 - UNIFORM TITLE
Uniform title Onesimus.
245 10 - TITLE STATEMENT
Title Escape from Ephesus :
Remainder of title a novel of the 1st century /
Statement of responsibility, etc. by Lance Webb.
260 ## - PUBLICATION, DISTRIBUTION, ETC.
Place of publication, distribution, etc. Nashville :
Name of publisher, distributor, etc. T. Nelson,
Date of publication, distribution, etc. c1991.
300 ## - PHYSICAL DESCRIPTION
Extent 311 p. ;
Dimensions 21 cm.
500 ## - GENERAL NOTE
General note Previously published as: Onesimus. c1980.
600 00 - SUBJECT ADDED ENTRY--PERSONAL NAME
Personal name Onesimus,
Titles and other words associated with a name Saint, Bishop of Ephesus,
Dates associated with a name approximately 33-approximately 110
General subdivision Fiction.
9 (RLIN) 8024
650 #0 - SUBJECT ADDED ENTRY--TOPICAL TERM
Topical term or geographic name entry element Church history
Chronological subdivision Primitive and early church, ca. 30-600
General subdivision Fiction.
9 (RLIN) 2389
650 #0 - SUBJECT ADDED ENTRY--TOPICAL TERM
Topical term or geographic name entry element Christian saints
General subdivision Fiction.
9 (RLIN) 2391
651 #0 - SUBJECT ADDED ENTRY--GEOGRAPHIC NAME
Geographic name Ephesus (Extinct city)
General subdivision Fiction.
9 (RLIN) 8025
655 #7 - INDEX TERM--GENRE/FORM
Genre/form data or focus term Christian fiction.
Source of term lcsh
9 (RLIN) 10
655 #7 - INDEX TERM--GENRE/FORM
Genre/form data or focus term Biographical fiction.
Source of term gsafd
9 (RLIN) 2365
655 #7 - INDEX TERM--GENRE/FORM
Genre/form data or focus term Historical fiction.
Source of term gsafd
9 (RLIN) 2366
906 ## - LOCAL DATA ELEMENT F, LDF (RLIN)
a 7
b cbc
c orignew
d 1
e ocip
f 19
g y-gencatlg
942 ## - ADDED ENTRY ELEMENTS (KOHA)
Source of classification or shelving scheme Library of Congress Classification
Koha item type Books
Suppress in OPAC No
Holdings
Withdrawn status Lost status Source of classification or shelving scheme Damaged status Not for loan Collection code Home library Current library Shelving location Date acquired Total Checkouts Full call number Barcode Date last seen Price effective from Koha item type
    Library of Congress Classification     Fiction SCHOOL OF HEALTH SCIENCES SCHOOL OF HEALTH SCIENCES General Stacks 09.06.2022   PS3573.E1956O5 1991 00003351 09.06.2022 09.06.2022 Books